000 00616nam a22001817a 4500
008 160224b xxu||||| |||| 00| 0 eng d
020 _a9789712362231
082 _22013
_aDFil 346.096
_bD37l
100 _93199
_aDe Leon, Hector S.
245 _aThe law on negotiable instruments :
_bwith documents of title/
_cHector S. De Leon and Hector M. De Leon.
250 _a2013 Edition.
260 _aManila :
_bRex Book Store ,
_cc2013.
300 _axviii, 395 pages ;
_c23 cm
650 0 _93200
_aNegotiable instruments
_zPhilippines.
700 _93201
_aDe Leon, Hector M.
365 _b470.00
_cPhp
942 _2ddc
_cBK
999 _c1139
_d1139